Statistics for States with Most Tornadoes

Click here to take the quiz!

General Stats

  • This quiz has been taken 359 times
    (358 since last reset)
  • The average score is 8 of 10

Answer Stats

#State% Correct
8,049Texas
97%
3,809Kansas
95%
3,442Oklahoma
95%
2,595Nebraska
86%
2,119Missouri
85%
2,368Iowa
81%
1,844Alabama
78%
2,207Illinois
74%
1,972Mississippi
72%
3,032Florida
70%

Score Distribution

Percentile by Number Answered

Percent of People with Each Score

Your Score History

You have not taken this quiz since the last reset